People by their dates and places of birth (Americans) - Statistics

General Stats
  • This quiz has been taken 14 times
  • The average score is 16 of 42
Answer Stats
Date Place Person % Correct
1732-02-22 Popes Creek, Virginia George Washington
93%
1971-06-28 Pretoria (South Africa) Elon Musk
86%
1743-04-13 Shadwell Plantation, Virginia Thomas Jefferson
79%
1809-02-12 Hodgenville, Kentucky Abraham Lincoln
71%
1961-08-04 Honolulu, Hawaii Barack Obama
71%
1706-01-17 Boston, Massachusetts Benjamin Franklin
71%
1879-03-14 Ulm (Germany) Albert Einstein
64%
1946-08-19 Hope, Arkansas Bill Clinton
64%
1958-08-29 Gary, Indiana Michael Jackson
64%
1913-01-09 Yorba Linda, California Richard Nixon
64%
1947-07-30 Thal, Styria (Austria) Arnold Schwarzenegger
57%
1751-03-16 Port Conway, Virginia James Madison
57%
1917-05-29 Brookline, Massachusetts John F. Kennedy
57%
1935-01-08 Tupelo, Mississippi Elvis Presley
50%
1782-12-05 Kinderhook, New York Martin Van Buren
50%
1882-01-30 Hyde Park, New York Franklin D. Roosevelt
43%
1835-11-30 Florida, Missouri Mark Twain
43%
1822-04-27 Point Pleasant, Ohio Ulysses S. Grant
43%
1915-12-12 Hoboken, New Jersey Frank Sinatra
36%
1863-07-30 Springwells Township, Michigan Henry Ford
36%
1926-06-01 Los Angeles, California Marilyn Monroe
36%
1929-01-15 Atlanta, Georgia Martin Luther King Jr.
36%
1941-05-24 Duluth, Minnesota Bob Dylan
29%
1899-07-21 Oak Park, Illinois Ernest Hemingway
29%
1913-02-04 Tuskegee, Alabama Rosa Parks
29%
1930-08-30 Omaha, Nebraska Warren Buffett
29%
1949-09-23 Long Branch, New Jersey Bruce Springsteen
21%
1847-04-10 Makó (Hungary) Joseph Pulitzer
21%
1963-02-17 Brooklyn, New York City Michael Jordan
21%
1897-07-24 Atchison, Kansas Amelia Earhart
14%
1926-10-18 St. Louis, Missouri Chuck Berry
14%
1809-01-19 Boston, Massachusetts Edgar Allan Poe
14%
1940-12-21 Baltimore, Maryland Frank Zappa
14%
1942-08-02 Lima (Peru) Isabel Allende
14%
1839-07-08 Richford, New York John D. Rockefeller
14%
1964-01-07 Long Beach, California Nicolas Cage
14%
1810-07-05 Bethel, Connecticut P. T. Barnum
14%
1847-02-11 Milan, Ohio Thomas Edison
14%
1939-11-26 Brownsville, Tennessee Tina Turner
14%
1949-06-20 Tuskegee, Alabama Lionel Richie
7%
1954-01-29 Kosciusko, Mississippi Oprah Winfrey
7%
1848-03-19 Monmouth, Illinois Wyatt Earp
7%
No matching quizzes found
Score Distribution
Percent of People with Each Score
Percentile by Number Answered
Your Score History
You have not taken this quiz